[Event "Oberbayern-ch"]
[Site "Groebenzell"]
[Date "2018.05.10"]
[Round "1.7"]
[White "Lechermann, Markus"]
[Black "Theumer, Lutz"]
[Result "1/2-1/2"]
[WhiteElo "2082"]
[BlackElo "2005"]
[PlyCount "53"]
[EventDate "2018.05.10"]
[EventType "swiss"]
[EventRounds "7"]
[EventCountry "GER"]
[SourceTitle "EXT 2022"]
[Source "ChessBase"]
[SourceDate "2021.10.06"]
[SourceVersion "1"]
[SourceVersionDate "2021.10.06"]
[SourceQuality "1"]

1. d4 d5 2. Nf3 Nf6 3. e3 c5 4. b3 Nc6 5. Bb2 Bf5 6. Bd3 Bxd3 7. cxd3 e6 8. 0-0 Be7 9. Nbd2 0-0 10. dxc5 Bxc5 11. Ne5 Nxe5 12. Bxe5 Ba3 13. Nb1 Be7 14. Qd2 Nd7 15. Bb2 Rc8 16. Nc3 Qa5 17. a3 Rc7 18. b4 Qb6 19. Rac1 Rfc8 20. Ne2 Bf6 21. Bxf6 Nxf6 22. Rxc7 Qxc7 23. Rc1 Qd7 24. Rc3 Ne8 25. Qc2 Rxc3 26. Qxc3 Qc7 27. h3 1/2-1/2

[Event "Oberbayern Bezirksliga 1617"]
[Site "Germany"]
[Date "2016.12.04"]
[Round "3.3"]
[White "Lechermann, Markus"]
[Black "Frank, Emanuel"]
[Result "0-1"]
[WhiteElo "2064"]
[BlackElo "2144"]
[PlyCount "158"]
[EventDate "2016.10.16"]
[EventType "team-tourn"]
[EventRounds "9"]
[EventCountry "GER"]
[SourceTitle "EXT 2019"]
[Source "ChessBase"]
[SourceDate "2018.10.10"]
[SourceVersion "1"]
[SourceVersionDate "2018.10.10"]
[SourceQuality "1"]
[WhiteTeam "Ingolstadt"]
[BlackTeam "Freilassing"]
[WhiteTeamCountry "GER"]
[BlackTeamCountry "GER"]

1. d4 Nf6 2. Bf4 e6 3. e3 c5 4. c3 Be7 5. Nd2 0-0 6. Ngf3 b6 7. h3 Bb7 8. Bd3 d6 9. 0-0 Nbd7 10. Nc4 Qc7 11. a4 a6 12. Bh2 Bc6 13. Qe2 Ne4 14. Nfd2 Nxd2 15. Nxd2 Qb7 16. e4 Rfe8 17. f3 cxd4 18. cxd4 b5 19. axb5 Bxb5 20. Bxb5 axb5 21. Nb3 Qb6 22. Bg3 Ra4 23. Bf2 Qb7 24. Rfc1 Rea8 25. Qc2 Bg5 26. Rd1 Nb6 27. e5 Qd5 28. exd6 Nc4 29. Rxa4 bxa4 30. Nc5 Ne3 31. Bxe3 Bxe3+ 32. Kh1 Bxd4 33. Nxa4 Qxd6 34. Qc4 e5 35. Nc3 Qb6 36. b4 Rb8 37. b5 Bxc3 38. Qxc3 Qxb5 39. Re1 f6 40. Qe3 Rd8 41. Qe4 Qd5 42. Qe2 h6 43. Qe3 Qd2 44. Qe4 Rc8 45. Re2 Rc1+ 46. Kh2 Qd4 47. Qxd4 exd4 48. Rd2 Rc4 49. Kg3 Kf7 50. Kf4 Ke6 51. Ke4 f5+ 52. Kd3 Kd5 53. Ra2 Rc3+ 54. Kd2 g5 55. Ra8 Ke5 56. Ra6 Rb3 57. Rxh6 Rb2+ 58. Kd3 Rxg2 59. h4 Rf2 60. hxg5 Rxf3+ 61. Kd2 Rg3 62. Rg6 Kf4 63. Rd6 Ke5 64. Rg6 Ke4 65. Re6+ Kd5 66. Rg6 f4 67. Rg8 Ke4 68. Re8+ Kf3 69. Kd3 Rxg5 70. Kxd4 Rg1 71. Kd3 Rd1+ 72. Kc2 Rd5 73. Re7 Kf2 74. Kc3 f3 75. Kc4 Rd8 76. Kc3 Kf1 77. Re6 f2 78. Re7 Rg8 79. Kd2 Kg1 0-1

[Event "Pyramiden Franken Cup"]
[Site "Fuerth"]
[Date "2015.09.05"]
[Round "5"]
[White "Lechermann, Markus"]
[Black "Wieczorek, Heinz"]
[Result "1-0"]
[WhiteElo "2042"]
[BlackElo "1806"]
[PlyCount "57"]
[EventDate "2015.09.03"]
[EventType "swiss"]
[EventRounds "7"]
[EventCountry "GER"]
[SourceTitle "EXT 2016"]
[Source "ChessBase"]
[SourceDate "2015.10.08"]
[SourceVersion "1"]
[SourceVersionDate "2015.10.08"]
[SourceQuality "1"]

1. d4 Nf6 2. Nf3 e6 3. c4 b6 4. Nc3 Bb4 5. Bd2 0-0 6. e3 Bb7 7. Be2 Bxc3 8. Bxc3 Ne4 9. Rc1 d5 10. cxd5 exd5 11. Bb4 Re8 12. Qc2 a5 13. Bd2 c5 14. dxc5 bxc5 15. 0-0 Nc6 16. Rfd1 Qf6 17. Be1 Nb4 18. Qb1 Red8 19. a3 Nc6 20. Nd2 Nxd2 21. Bxd2 Qe7 22. Qc2 c4 23. Bc3 Qg5 24. Bd4 Nxd4 25. Rxd4 f5 26. Rcd1 Rf8 27. Bf3 Ra6 28. Bxd5+ Bxd5 29. Rxd5 1-0

[Event "Nuremberg Zabo op 12th"]
[Site "Nuremberg"]
[Date "2010.09.18"]
[Round "3"]
[White "Seyb, Alexander"]
[Black "Lechermann, Markus"]
[Result "1-0"]
[WhiteElo "2289"]
[BlackElo "2022"]
[PlyCount "111"]
[EventDate "2010.09.17"]
[EventType "swiss"]
[EventRounds "5"]
[EventCountry "GER"]
[SourceTitle "EXT 2011"]
[Source "ChessBase"]
[SourceDate "2010.11.26"]
[SourceVersion "1"]
[SourceVersionDate "2010.11.26"]
[SourceQuality "1"]

1. e4 c5 2. Nf3 e6 3. d4 cxd4 4. Nxd4 a6 5. Bd3 Nc6 6. Nxc6 dxc6 7. Nd2 e5 8. Nc4 Qc7 9. Be3 b5 10. Nb6 Rb8 11. Nxc8 Rxc8 12. a4 Nf6 13. axb5 axb5 14. 0-0 Bd6 15. c4 bxc4 16. Bxc4 0-0 17. Ra7 Qb8 18. f3 c5 19. Ra6 Rfd8 20. Qa1 Bf8 21. Bg5 Rd6 22. Qa2 Rc7 23. Rxd6 Bxd6 24. Ra1 h6 25. Be3 Rb7 26. b3 Bf8 27. Qa8 Qxa8 28. Rxa8 Nd7 29. Rd8 Rc7 30. f4 Nb6 31. fxe5 Nxc4 32. bxc4 Rc6 33. h4 h5 34. g3 f6 35. e6 Rxe6 36. Bxc5 Rxe4 37. Rxf8+ Kh7 38. Kf2 Rxc4 39. Be3 Kg6 40. Ra8 Kf5 41. Kf3 Rc7 42. Ra5+ Kg6 43. Ke4 Rc4+ 44. Kf3 Rb4 45. Ra7 Rc4 46. Rd7 Ra4 47. Bc5 Rg4 48. Rd4 Rxd4 49. Bxd4 Kf5 50. Be3 g5 51. Bc1 Kg6 52. Ke4 f5+ 53. Kf3 f4 54. hxg5 Kxg5 55. gxf4+ Kf5 56. Kg3 1-0